Top 75 DC Characters - Statistics

General Stats
  • This quiz has been taken 446 times
    428 since last reset
  • The average score is 33 of 75
Answer Stats
Hint Answer % Correct
1. Batman
100%
2. Superman
99%
3. Wonder Woman
97%
4. Joker
95%
5. The Flash
93%
12. Nightwing
91%
7. Aquaman
88%
6. Green Lantern
87%
13. Cyborg
83%
23. Harley Quinn
78%
11. Green Arrow
76%
15. Lex Luthor
76%
45. Catwoman
72%
33. Penguin
72%
59. Super Girl
70%
25. Bane
68%
26. Beast Boy
65%
20. Raven
65%
10. Martian Manhunter
64%
44. Poison Ivy
64%
22. Starfire
64%
9. Darkseid
62%
30. Two-Face
60%
17. Shazam
59%
46. Scarecrow
58%
8. Deathstroke
56%
40. Batwoman
55%
27. Black Canary
55%
38. Mr. Freeze
55%
31. Deadshot
53%
19. Red Hood
52%
37. Reverse Flash
51%
29. Hawkgirl
50%
28. Hawkman
50%
21. Black Adam
49%
18. Sinestro
49%
24. Blue Beetle
47%
16. Atom
46%
52. Zatanna
43%
35. Doctor Fate
42%
48. Captain Cold
41%
70. Kid Flash
41%
67. The Demon's Head
41%
14. Firestorm
36%
63. Gorilla Grodd
33%
51. Booster Gold
31%
64. Huntress
30%
39. Plastic Man
30%
50. Red Arrow
28%
57. Killer Frost
27%
41. Zoom
26%
69. Red Tornado
24%
73. Mera
23%
32. Black Lightning
22%
47. Power Girl
22%
74. Vixen
18%
54. Elongated Man
17%
61. Heatwave
17%
62. Krypto
16%
75. Wildcat
14%
56. Katana
12%
36. Spectre
12%
71. Sandman
11%
58. Dr. Manhattan
10%
65. Star Sapphire (Carol Ferris)
10%
60. Static
10%
53. Savitar
9%
72. Azrael
8%
55. Spoiler
6%
43. Cyclone
5%
66. Manhunter (Kate Spencer)
5%
34. Ragman
4%
68. Gypsy
3%
49. Blue Lantern
1%
42. Phantom Girl
1%
No matching quizzes found
Score Distribution
Percent of People with Each Score
Percentile by Number Answered
Your Score History
You have not taken this quiz since the last reset